Countries That Play Polo - Statistics

General Stats
  • This quiz has been taken 40 times
  • The average score is 14 of 18
Answer Stats
country % Correct
United States
100%
Argentina
97%
Australia
97%
Canada
97%
Brazil
94%
Germany
94%
United Kingdom
94%
France
92%
Spain
92%
New Zealand
89%
India
86%
Mexico
86%
Pakistan
81%
Chile
75%
Switzerland
53%
Iran
42%
Jamaica
19%
Dominican Republic
6%
No matching quizzes found
Score Distribution
Percent of People with Each Score
Percentile by Number Answered
Your Score History
You have not taken this quiz